Lexique médical - Psychiatrie#2 - Statistiques

Statistiques générales
  • Ce quiz a été pris 104 fois
  • Le résultat moyen est 5 sur 12
Statistiques - réponses
Définition Terme % Correct
Absence de parole sans atteinte organique Mutisme
71%
Construction intellectuelle inébranlable auquel le sujet adhère Délire
52%
Crainte irrationnelle et angoissante, jugée comme excessive ou absurde par le sujet Phobie
48%
Quête permanente du lit et de la position allongée Clinophilie
46%
Vécu pénible d'un danger imminent et imprécis, sans objet réel Anxiété
43%
Mécanisme de défense mis en place pour ne pas se trouver confronté à une situation redoutée Évitement
43%
Forme la plus intense de dépression, caractérisée par un impact psycho-moteur marqué Mélancolie
41%
Comportement répétitif, que le sujet se sent contraint d'accomplir de façon rituelle Compulsion
39%
Rupture de l'unité psychique, pas toujours psychotique, peut être présente à l'acmé d'état anxieux Dissociation
30%
Existence simultanée d'états psychologiques contradictoires Ambivalence
25%
Troubles du comportement dont le sujet est conscient, mais qu'il ne peut dominer Névrose
19%
Diminution des réactions émotionnelles Émoussement affectif
16%
Aucun quiz correspondant
Distribution des résultats
% des personnes avec chaque résultat
Percentile par nombre de réponses
Votre historique - résultats
Vous n’avez pas pris ce quiz